01279cam a2200289 a 4500001000800000005001700008008004100025010001900066020001500085020002200100035002000122035002300142035001700165040002900182042000800211082002500219100003100244245006700275260004500342300004000387490001700427504005200444505041900496650004000915650001600955830001800971451879620220326193318.0980831s1997 nyua b 001 0 eng c a96060366 //r98 a0500181950 a0500202958 (pbk.) a(OCoLC)36243884 a(OCoLC)ocm36243884 a(NNC)4518796 aOClcOCldWaSdDLCdNNUT apcc a704.039.607.3bP882b1 aPowell, Richard J.,d1953-10aBlack art and culture in the 20th century /cRichard J. Powell aNew York, N.Y. :bThames & Hudson,c1997 a256 p. :bill. (some col.) ;c22 cm1 aWorld of art aIncludes bibliographical references (p.237-246) tintroduction: the Dark Center tchapter one : Art, culture and "the souls of black folk"tchapter two: Enter and Exit the"new negro"tchapter three: the cult of the people tchapter four: Pride, Assimilation and Dreamstchapter five: "Black is a color"tchapter six: Culture as currencytConclusion: Through a Glass, DiasporallytBiographical notes tSelect Bibliography and sources tList of illustrations tindex 0aAfrican American arty20th century. 0aArt, Black. 0aWorld of art.